[Event "Abe Yanofsky mem."]
[Site "Winnipeg CAN"]
[Date "2004.09.06"]
[Round "6"]
[White "Kaptsan, Aron"]
[Black "Tang, Edward"]
[Result "1-0"]
[WhiteElo "1909"]
[BlackElo "1941"]
[PlyCount "77"]
[GameId "2160767911069523"]
[EventDate "2004.09.04"]
[EventType "swiss"]
[EventRounds "6"]
[EventCountry "CAN"]

1. d4 d5 2. c4 e6 3. Nc3 c5 4. cxd5 exd5 5. Nf3 Nc6 6. g3 Nf6 7. Bg2 Be7 8. O-O O-O 9. Bg5 cxd4 10. Nxd4 h6 11. Bf4 Qb6 12. Nb3 d4 13. Nd5 Nxd5 14. Bxd5 Bh3 15. Bg2 Bxg2 16. Kxg2 Rfe8 17. Rb1 Rad8 18. Nc1 Bf6 19. Nd3 Re4 20. Re1 Rde8 21. a3 Qb5 22. Rc1 b6 23. Rc2 Qd5 24. Kg1 h5 25. h4 Ne7 26. Qc1 Ng6 27. Rc8 Bxh4 28. Rxe8+ Rxe8 29. gxh4 Nxh4 30. f3 Re6 31. Bg3 Nf5 32. Bh2 Ne3 33. Kh1 Rc6 34. Qb1 Rf6 35. Nf4 Qd7 36. Rg1 Qb5 37. b4 Kf8 38. Qe4 g5 39. Qxd4 1-0

[Event "Abe Yanofsky mem."]
[Site "Winnipeg CAN"]
[Date "2004.09.06"]
[Round "6"]
[White "Katona, John"]
[Black "De Groot, Steven"]
[Result "1/2-1/2"]
[WhiteElo "1792"]
[BlackElo "1617"]
[PlyCount "46"]
[GameId "2160767911069524"]
[EventDate "2004.09.04"]
[EventType "swiss"]
[EventRounds "6"]
[EventCountry "CAN"]

1. e4 c5 2. c3 e6 3. d4 Qc7 4. Nf3 Nf6 5. Bd3 cxd4 6. cxd4 d5 7. e5 Bb4+ 8. Bd2 Bxd2+ 9. Nbxd2 Nfd7 10. O-O O-O 11. Re1 Nc6 12. a3 Qb6 13. Nb3 a5 14. Bc2 Qd8 15. Qd3 g6 16. h4 f5 17. exf6 Nxf6 18. Ng5 Qe7 19. f4 Ne4 20. Rxe4 dxe4 21. Qxe4 Qf6 22. g3 a4 23. Rd1 axb3 1/2-1/2

[Event "Abe Yanofsky mem."]
[Site "Winnipeg CAN"]
[Date "2004.09.06"]
[Round "6"]
[White "Khedkar, Jay"]
[Black "Melamedoff, Gustavo"]
[Result "1-0"]
[WhiteElo "1948"]
[BlackElo "2044"]
[PlyCount "81"]
[GameId "2160767911069525"]
[EventDate "2004.09.04"]
[EventType "swiss"]
[EventRounds "6"]
[EventCountry "CAN"]

1. e4 Nf6 2. e5 Nd5 3. d4 d6 4. Nf3 g6 5. c4 Nb6 6. Nc3 Nc6 7. exd6 cxd6 8. Be3 Bg7 9. Be2 O-O 10. Rc1 Bg4 11. b3 d5 12. c5 Nc8 13. O-O Qd7 14. Qd2 e6 15. Rfd1 N8e7 16. Nh4 Bxe2 17. Nxe2 b6 18. Bh6 bxc5 19. Rxc5 Qd6 20. Bxg7 Kxg7 21. Rdc1 Rfc8 22. Ng3 f6 23. b4 e5 24. dxe5 fxe5 25. Qg5 Kh8 26. Nf3 e4 27. b5 exf3 28. bxc6 Rxc6 29. Rxc6 Nxc6 30. gxf3 Ne5 31. Qe3 d4 32. Qe4 Rd8 33. f4 Nd7 34. Rc6 Qb4 35. Qd5 Kg7 36. Rc7 Qe7 37. Qxd4+ Kg8 38. Ne4 Qe6 39. f3 Qb6 40. Qxb6 axb6 41. Rxd7 1-0

[Event "Abe Yanofsky mem."]
[Site "Winnipeg CAN"]
[Date "2004.09.06"]
[Round "6"]
[White "Klokow, John"]
[Black "Booth, Kevin"]
[Result "1-0"]
[WhiteElo "1732"]
[BlackElo "1194"]
[PlyCount "63"]
[GameId "2160767911069526"]
[EventDate "2004.09.04"]
[EventType "swiss"]
[EventRounds "6"]
[EventCountry "CAN"]

1. e4 e5 2. f4 exf4 3. Nf3 d6 4. Bc4 Be6 5. Bxe6 fxe6 6. d4 Nc6 7. Bxf4 Qe7 8. Bg5 Qd7 9. O-O Be7 10. Nc3 O-O-O 11. Be3 Nf6 12. a4 b6 13. Qe2 Kb7 14. d5 exd5 15. exd5 Ne5 16. Nd4 a5 17. h3 c6 18. dxc6+ Nxc6 19. Nxc6 Qxc6 20. Rad1 d5 21. Qb5 Qxb5 22. Nxb5 Rc8 23. c3 Bc5 24. Bxc5 Rxc5 25. Rde1 Rg8 26. Re7+ Kb8 27. g4 h6 28. Kg2 Rgc8 29. Re6 Nd7 30. Rf7 Rd8 31. Rd6 Ne5 32. Rxb6+ 1-0

[Event "Abe Yanofsky mem."]
[Site "Winnipeg CAN"]
[Date "2004.09.06"]
[Round "6"]
[White "MacPherson, Al"]
[Black "Greenberg, Harley"]
[Result "1-0"]
[WhiteElo "1654"]
[BlackElo "1781"]
[PlyCount "59"]
[GameId "2160767911069528"]
[EventDate "2004.09.04"]
[EventType "swiss"]
[EventRounds "6"]
[EventCountry "CAN"]

1. d4 Nf6 2. c4 g6 3. Nc3 Bg7 4. e4 d6 5. Nf3 O-O 6. Be2 e5 7. Be3 h6 8. h3 Nc6 9. Qd2 Kh7 10. O-O a6 11. a3 Nh5 12. b4 exd4 13. Nxd4 Qh4 14. Nf3 Qe7 15. Nd5 Qd8 16. Rad1 Nf6 17. Qc2 Re8 18. Bd3 Nd7 19. Qc1 Nde5 20. Nxe5 Nxe5 21. Bb1 Qh4 22. f4 Bxh3 23. fxe5 Bxe5 24. Rxf7+ Kg8 25. Bf2 Qg4 26. Ne3 Qe6 27. Rf3 Bg4 28. Nxg4 Qxg4 29. Qxh6 Rf8 30. Qh3 1-0

[Event "Abe Yanofsky mem."]
[Site "Winnipeg CAN"]
[Date "2004.09.06"]
[Round "6"]
[White "Nikouline, Alexandre"]
[Black "Hughey, Micah"]
[Result "0-1"]
[WhiteElo "2000"]
[BlackElo "2012"]
[PlyCount "78"]
[GameId "2160767911069529"]
[EventDate "2004.09.04"]
[EventType "swiss"]
[EventRounds "6"]
[EventCountry "CAN"]

1. e4 e5 2. Nf3 Nc6 3. Bb5 a6 4. Ba4 Nf6 5. O-O Be7 6. Re1 b5 7. Bb3 O-O 8. c3 d5 9. exd5 Nxd5 10. Nxe5 Nxe5 11. Rxe5 c6 12. d4 Bd6 13. Re1 Qh4 14. g3 Qh3 15. Bxd5 cxd5 16. Qf3 Bf5 17. Qxd5 Rae8 18. Re3 Re6 19. Qg2 Qh5 20. Nd2 Rfe8 21. Nf1 Qd1 22. Rxe6 Rxe6 23. Bf4 Qxa1 24. Bxd6 h6 25. Be5 Bd3 26. f4 f6 27. Qf3 Qxf1+ 28. Qxf1 Bxf1 29. Kxf1 fxe5 30. fxe5 Kf7 31. Ke2 Rg6 32. b3 Ke6 33. Kf3 Kd5 34. Ke3 Rc6 35. Kd3 h5 36. a4 Rc8 37. h3 g5 38. h4 gxh4 39. gxh4 Rc7 0-1

[Event "Abe Yanofsky mem."]
[Site "Winnipeg CAN"]
[Date "2004.09.06"]
[Round "6"]
[White "Podmoroff, Yuri"]
[Black "Clark, Robert"]
[Result "0-1"]
[WhiteElo "1303"]
[BlackElo "1583"]
[PlyCount "102"]
[GameId "2160767911069530"]
[EventDate "2004.09.04"]
[EventType "swiss"]
[EventRounds "6"]
[EventCountry "CAN"]

1. e4 c5 2. Nf3 Nc6 3. Nc3 e6 4. Bc4 a6 5. a3 b5 6. Ba2 Qc7 7. d3 Bb7 8. Be3 Nf6 9. Qd2 Rd8 10. O-O d5 11. Bf4 Bd6 12. Bxd6 Qxd6 13. exd5 exd5 14. Rfe1+ Ne7 15. Nh4 O-O 16. Rad1 Rfe8 17. Ne2 Qc6 18. Ng3 d4 19. f3 Nfd5 20. Bxd5 Qxd5 21. Qe2 Qd7 22. Qd2 Ng6 23. Rxe8+ Rxe8 24. Nxg6 fxg6 25. Re1 Qf7 26. Rxe8+ Qxe8 27. Ne4 Qe5 28. Qa5 Bxe4 29. dxe4 Qd6 30. h3 c4 31. Qd2 Qb6 32. Kf1 a5 33. e5 b4 34. axb4 axb4 35. e6 c3 36. bxc3 bxc3 37. Qf4 Qb1+ 38. Kf2 Qxc2+ 39. Kg3 Qf5 40. Qb8+ Qf8 41. Qb3 Qe7 42. Kf2 Kf8 43. Qb1 Qxe6 44. Qb4+ Kf7 45. Qxd4 Qf6 46. Qd1 Qb6+ 47. Ke2 Qb2+ 48. Kd3 Kf6 49. Qc2 Qxc2+ 50. Kxc2 Kf5 51. g3 h5 0-1

[Event "Abe Yanofsky mem."]
[Site "Winnipeg CAN"]
[Date "2004.09.06"]
[Round "6"]
[White "Schulz, Waldemar"]
[Black "Cleto, Sam"]
[Result "1-0"]
[WhiteElo "2122"]
[BlackElo "1873"]
[PlyCount "85"]
[GameId "2160767911069531"]
[EventDate "2004.09.04"]
[EventType "swiss"]
[EventRounds "6"]
[EventCountry "CAN"]

1. Nf3 Nf6 2. g3 b6 3. Bg2 Bb7 4. O-O e6 5. d4 Be7 6. c4 d5 7. Ne5 Nbd7 8. Qa4 O-O 9. Nc6 Qe8 10. Nxe7+ Qxe7 11. Nc3 c5 12. Qa3 Rfe8 13. Nb5 Nf8 14. dxc5 bxc5 15. Bg5 a6 16. Nc3 d4 17. Ne4 Bxe4 18. Bxe4 Ra7 19. Qa5 N8d7 20. Bc6 Qd6 21. Bg2 Qe5 22. Bxf6 Nxf6 23. Rfe1 Ng4 24. Rad1 Qf6 25. Rf1 Qe7 26. b4 Rc7 27. bxc5 Rxc5 28. Qxa6 e5 29. Rb1 Qc7 30. Rb7 Qd8 31. Bd5 Nh6 32. a4 e4 33. Rd1 d3 34. exd3 e3 35. f4 e2 36. Re1 Rxd5 37. cxd5 Qxd5 38. Qb5 Qd4+ 39. Kg2 Qe3 40. Rb8 Rf8 41. Rxf8+ Kxf8 42. Qb8+ Ke7 43. Qe5+ 1-0

[Event "Abe Yanofsky mem."]
[Site "Winnipeg CAN"]
[Date "2004.09.06"]
[Round "6"]
[White "Spraggett, Kevin"]
[Black "Babb, Jeff"]
[Result "1-0"]
[WhiteElo "2584"]
[BlackElo "2143"]
[PlyCount "87"]
[GameId "2160767911069532"]
[EventDate "2004.09.04"]
[EventType "swiss"]
[EventRounds "6"]
[EventCountry "CAN"]
[SourceTitle "CBM 102 Extra"]
[Source "ChessBase"]
[SourceDate "2004.11.03"]
[SourceVersion "1"]
[SourceVersionDate "2004.11.03"]
[SourceQuality "1"]

1. e4 e5 2. Nf3 Nc6 3. Bb5 a6 4. Ba4 Nf6 5. O-O Nxe4 6. d4 b5 7. Bb3 d5 8. dxe5 Be6 9. c3 Bc5 10. Qe2 O-O 11. Be3 Qe7 12. Nbd2 Bxe3 13. Qxe3 Nxd2 14. Qxd2 Na5 15. Rfe1 Nc4 16. Qc1 f6 17. Bxc4 dxc4 18. Qf4 Bd5 19. exf6 Qxf6 20. Qxf6 Rxf6 21. Ne5 Rd8 22. f3 Rfd6 23. Kf2 Bf7 24. Re2 Kf8 25. h4 Rd1 26. Rxd1 Rxd1 27. Ke3 Rd5 28. Kf4 Rd6 29. g4 h6 30. g5 hxg5+ 31. hxg5 a5 32. a3 b4 33. Rh2 Bg8 34. Ke3 Bd5 35. f4 Be6 36. f5 Bd5 37. Rh8+ Bg8 38. Ng6+ Kf7 39. Ne5+ Kf8 40. f6 gxf6 41. gxf6 Re6 42. Ke4 c6 43. Kf5 a4 44. Rxg8+ 1-0

[Event "Abe Yanofsky mem."]
[Site "Winnipeg CAN"]
[Date "2004.09.06"]
[Round "6"]
[White "Van Wyk, Joseph"]
[Black "Curtis, Rory"]
[Result "1/2-1/2"]
[WhiteElo "1932"]
[BlackElo "1689"]
[PlyCount "44"]
[GameId "2160767911069533"]
[EventDate "2004.09.04"]
[EventType "swiss"]
[EventRounds "6"]
[EventCountry "CAN"]

1. e4 e5 2. Nf3 d6 3. Bc4 Be7 4. d4 Nf6 5. dxe5 Nxe4 6. Qd5 Be6 7. Qxb7 Bxc4 8. Qxa8 c6 9. b3 Ba6 10. Qxa7 dxe5 11. Qe3 f5 12. c4 Bc5 13. Qe2 Bxf2+ 14. Kf1 O-O 15. Nbd2 Bh4 16. Ba3 Nc3 17. Qe3 Nd5 18. Qc5 Be7 19. Qa7 Bxa3 20. Nxe5 Nf4 21. Qe3 Nd5 22. Qd4 Nf6 1/2-1/2

[Event "Abe Yanofsky mem."]
[Site "Winnipeg CAN"]
[Date "2004.09.06"]
[Round "6"]
[White "Vincent, Trevor"]
[Black "Baragar, Fletcher"]
[Result "0-1"]
[WhiteElo "2023"]
[BlackElo "2253"]
[PlyCount "82"]
[GameId "2160767911069534"]
[EventDate "2004.09.04"]
[EventType "swiss"]
[EventRounds "6"]
[EventCountry "CAN"]

1. c4 e5 2. g3 d6 3. Bg2 g6 4. Nc3 Bg7 5. e4 Nc6 6. Nge2 h5 7. h4 Bg4 8. f3 Be6 9. d3 Qd7 10. Nd5 Nce7 11. d4 c6 12. Nxe7 Qxe7 13. d5 Bc8 14. Nc3 c5 15. Be3 b6 16. Qd2 Bh6 17. Bh3 Bxh3 18. Rxh3 Bxe3 19. Qxe3 O-O-O 20. O-O-O f5 21. Rh2 Rh7 22. Rdh1 Rf7 23. exf5 Rxf5 24. Ne4 Rdf8 25. Ng5 Qd7 26. Rf2 Nf6 27. Ne6 Re8 28. Rhf1 b5 29. b3 e4 30. g4 hxg4 31. fxe4 Rxf2 32. Rxf2 Nh5 33. Rc2 b4 34. Qg5 Qf7 35. Qxg4 Qf1+ 36. Kb2 Qf6+ 37. Kc1 Qf1+ 38. Qd1 Qf6 39. Qe1 Nf4 40. Qf1 Qa1+ 41. Kd2 Qxf1 0-1

[Event "Abe Yanofsky mem."]
[Site "Winnipeg CAN"]
[Date "2004.09.06"]
[Round "6"]
[White "Zhou, Lu"]
[Black "Rutter, Blair"]
[Result "1-0"]
[WhiteElo "1807"]
[BlackElo "1662"]
[PlyCount "79"]
[GameId "2160767911069535"]
[EventDate "2004.09.04"]
[EventType "swiss"]
[EventRounds "6"]
[EventCountry "CAN"]

1. e4 e6 2. d4 d5 3. Nc3 Nf6 4. e5 Nfd7 5. f4 f5 6. exf6 Nxf6 7. Nf3 c5 8. Be3 Qb6 9. Rb1 Nc6 10. Bb5 Bd7 11. Bxc6 Bxc6 12. h3 Be7 13. O-O O-O 14. Kh1 Nh5 15. Kh2 Nxf4 16. Qe1 Ng6 17. dxc5 Qc7+ 18. Kh1 e5 19. Bg1 Rf5 20. b4 Raf8 21. Bh2 Qd7 22. b5 Bxb5 23. Nxb5 e4 24. Nd2 Bxc5 25. Rxf5 Rxf5 26. Bg1 Be7 27. Nd4 Rf7 28. Qe2 a6 29. Rf1 Bf6 30. c3 Qc7 31. c4 dxc4 32. Qxc4 Qxc4 33. Nxc4 b5 34. Nd6 Rd7 35. N4f5 Ne5 36. Nxe4 Kf7 37. Nxg7 Kxg7 38. Rxf6 a5 39. Rd6 Rxd6 40. Nxd6 1-0

[Event "Albert Boxer op"]
[Site "Winnipeg CAN"]
[Date "2004.05.14"]
[Round "1"]
[White "Boron, Anthony"]
[Black "Plocek, Jaroslav"]
[Result "1-0"]
[WhiteElo "1942"]
[BlackElo "1567"]
[PlyCount "71"]
[GameId "2160767911145860"]
[EventDate "2004.05.14"]
[EventType "swiss"]
[EventRounds "5"]
[EventCountry "CAN"]
[SourceTitle "EXT 2006"]
[Source "ChessBase"]
[SourceDate "2005.11.24"]
[SourceVersion "1"]
[SourceVersionDate "2005.11.24"]
[SourceQuality "1"]

1. e4 e6 2. d3 c6 3. Nd2 d5 4. Ngf3 Nf6 5. g3 Bc5 6. e5 Ng4 7. d4 Bb6 8. Nb3 Nd7 9. h3 Nh6 10. Bxh6 gxh6 11. Qd2 h5 12. Qh6 c5 13. c3 cxd4 14. cxd4 Ba5+ 15. Kd1 Qb6 16. Qxh5 Qb4 17. Nxa5 Qxb2 18. Nb3 a5 19. Ng5 Rf8 20. Nxe6 a4 21. Ng7+ Kd8 22. Qg5+ Kc7 23. Qc1+ Qxc1+ 24. Nxc1 Nb6 25. Nh5 a3 26. Nb3 Na4 27. Rc1+ Kb8 28. Nf6 Nb2+ 29. Kd2 Bf5 30. f3 Ka7 31. g4 Bg6 32. Rc5 Rac8 33. Ra5+ Kb6 34. Nxd5+ Kc6 35. Rc5+ Kd7 36. Nb6+ 1-0

[Event "Albert Boxer op"]
[Site "Winnipeg CAN"]
[Date "2004.05.14"]
[Round "1"]
[White "Cleto, Sam"]
[Black "Podmoroff, Yuri"]
[Result "1-0"]
[WhiteElo "1903"]
[BlackElo "1145"]
[PlyCount "107"]
[GameId "2160767911145861"]
[EventDate "2004.05.14"]
[EventType "swiss"]
[EventRounds "5"]
[EventCountry "CAN"]
[SourceTitle "EXT 2006"]
[Source "ChessBase"]
[SourceDate "2005.11.24"]
[SourceVersion "1"]
[SourceVersionDate "2005.11.24"]
[SourceQuality "1"]

1. d4 d6 2. h3 Nf6 3. Nc3 h6 4. Nf3 Nc6 5. e4 d5 6. e5 Ne4 7. Be3 e6 8. a3 b6 9. Nd2 Nxd2 10. Qxd2 Be7 11. Bd3 f6 12. Bg6+ Kd7 13. f4 Bb7 14. O-O-O Qf8 15. Nb1 Rd8 16. f5 Kc8 17. fxe6 Qg8 18. Rhf1 Qf8 19. g4 Kb8 20. h4 Bc8 21. exf6 gxf6 22. Bf5 Qg8 23. Bf4 Bxe6 24. Qc3 Kb7 25. Rde1 Bxf5 26. gxf5 Rh7 27. Nd2 Rc8 28. Kb1 Qg4 29. Re6 Bd6 30. Rxf6 Qxh4 31. Be5 Re7 32. Nf3 Qh3 33. Rg1 Nxe5 34. dxe5 Bxe5 35. Nxe5 Qxc3 36. bxc3 Rxe5 37. Rf7 Kc6 38. Rg6+ Kc5 39. Rxh6 Rce8 40. Rxc7+ Kb5 41. Rxa7 Rxf5 42. Rb7 d4 43. Rbxb6+ Kc5 44. Rhc6+ Kd5 45. Rd6+ Ke4 46. cxd4 Ra8 47. Kb2 Ra4 48. Rb3 Ra8 49. Rd3 Rc8 50. Re6+ Kd5 51. Re5+ Kd6 52. Rxf5 Rb8+ 53. Rb3 Rc8 54. Rf6+ 1-0

[Event "Albert Boxer op"]
[Site "Winnipeg CAN"]
[Date "2004.05.14"]
[Round "1"]
[White "Gannon, Keith"]
[Black "Van Wyk, Joseph"]
[Result "1/2-1/2"]
[WhiteElo "1512"]
[BlackElo "1928"]
[PlyCount "103"]
[GameId "2160767911145862"]
[EventDate "2004.05.14"]
[EventType "swiss"]
[EventRounds "5"]
[EventCountry "CAN"]
[SourceTitle "EXT 2006"]
[Source "ChessBase"]
[SourceDate "2005.11.24"]
[SourceVersion "1"]
[SourceVersionDate "2005.11.24"]
[SourceQuality "1"]

1. c4 e6 2. d4 d5 3. Nc3 c5 4. cxd5 cxd4 5. Qxd4 Nc6 6. Qd1 exd5 7. Qxd5 Bd7 8. Nf3 Nf6 9. Qd1 Qb6 10. e3 O-O-O 11. Be2 Bh3 12. Qb3 Qxb3 13. axb3 Bxg2 14. Rg1 Bxf3 15. Bxf3 Ne5 16. Be2 a6 17. Bd2 g6 18. O-O-O Bg7 19. f4 Nd3+ 20. Bxd3 Rxd3 21. Kc2 Rhd8 22. Bc1 Rxd1 23. Rxd1 Re8 24. Nd5 Nxd5 25. Rxd5 Kc7 26. Bd2 Kc6 27. Rd3 f5 28. Bc3 Re7 29. h4 Kc5 30. Bxg7 Rxg7 31. Kc3 Re7 32. b4+ Kc6 33. Kc4 Re4+ 34. Kc3 b6 35. Kb3 h5 36. Kc3 Kb5 37. Rd5+ Ka4 38. b3+ Ka3 39. Rd6 Rxb4 40. Rxg6 Rxb3+ 41. Kd4 a5 42. Rg5 a4 43. Rxf5 Kb4 44. Rxh5 a3 45. Rh6 Kb5 46. Rh8 a2 47. Ra8 Rb4+ 48. Kc3 Re4 49. Rxa2 Rxe3+ 50. Kd4 Rh3 51. Rb2+ Ka5 52. Ra2+ 1/2-1/2

[Event "Albert Boxer op"]
[Site "Winnipeg CAN"]
[Date "2004.05.14"]
[Round "1"]
[White "Hogeveen Rutter, Alexander"]
[Black "Gentes, Kevin"]
[Result "0-1"]
[WhiteElo "1781"]
[BlackElo "2329"]
[PlyCount "86"]
[GameId "2160767911145863"]
[EventDate "2004.05.14"]
[EventType "swiss"]
[EventRounds "5"]
[EventCountry "CAN"]
[SourceTitle "EXT 2006"]
[Source "ChessBase"]
[SourceDate "2005.11.24"]
[SourceVersion "1"]
[SourceVersionDate "2005.11.24"]
[SourceQuality "1"]

1. e4 c5 2. Nf3 e6 3. d4 cxd4 4. Nxd4 Nf6 5. Nc3 d6 6. Bc4 a6 7. Bb3 b5 8. a3 Be7 9. O-O O-O 10. Be3 Bb7 11. f3 Nbd7 12. Qd2 Nc5 13. Ba2 Rc8 14. b4 Ncd7 15. Nde2 Qc7 16. Bb3 Rfd8 17. Rfd1 Ne5 18. Qe1 Nc4 19. Bf4 Nh5 20. Rd3 Nxf4 21. Nxf4 Nb2 22. Re3 d5 23. Nxe6 fxe6 24. exd5 Bg5 25. Re5 Bf6 26. dxe6 Qxe5 27. e7+ Nc4 28. Bxc4+ bxc4 29. exd8=Q+ Rxd8 30. Qxe5 Bxe5 31. Rd1 Rxd1+ 32. Nxd1 Bc6 33. h3 Ba4 34. Ne3 Bd4 35. Kf2 Bxc2 36. Ke2 Bxe3 37. Kxe3 Kf7 38. Kd4 Bb3 39. g4 g5 40. a4 Bxa4 41. Kxc4 Ke6 42. Kd4 Bc6 43. Ke3 Ke5 0-1

[Event "Albert Boxer op"]
[Site "Winnipeg CAN"]
[Date "2004.05.14"]
[Round "1"]
[White "Lipnowski, Samuel"]
[Black "Cowdrey, Eric"]
[Result "1-0"]
[WhiteElo "2110"]
[BlackElo "1771"]
[PlyCount "109"]
[GameId "2160767911145864"]
[EventDate "2004.05.14"]
[EventType "swiss"]
[EventRounds "5"]
[EventCountry "CAN"]
[SourceTitle "EXT 2006"]
[Source "ChessBase"]
[SourceDate "2005.11.24"]
[SourceVersion "1"]
[SourceVersionDate "2005.11.24"]
[SourceQuality "1"]

1. e4 c6 2. c4 d5 3. exd5 cxd5 4. d4 Nf6 5. Nc3 Nc6 6. Nf3 e6 7. cxd5 Nxd5 8. Bd3 Be7 9. O-O Bf6 10. Re1 Ndb4 11. Be4 O-O 12. a3 Nd5 13. Qd3 g6 14. Bh6 Re8 15. Bxd5 exd5 16. Nxd5 Rxe1+ 17. Rxe1 Bg7 18. Nc7 Bf5 19. Qe2 Bxh6 20. Nxa8 Qxa8 21. d5 Nd8 22. Qe8+ Kg7 23. Nd4 Qc8 24. Nxf5+ gxf5 25. d6 Bd2 26. d7 Qc7 27. Rd1 Bg5 28. Qe2 Qc5 29. g3 Bf6 30. Qd2 Qe5 31. b4 Qb2 32. Qe3 a6 33. Qf3 Qc2 34. Rd5 Qe4 35. Rxf5 Qxf3 36. Rxf3 Ne6 37. h4 Bd8 38. Kg2 Kf8 39. Kh3 Ke7 40. Kg4 Nf8 41. Kh5 Nxd7 42. Kh6 Nf6 43. Kg5 Ke6 44. Re3+ Kd6 45. Rd3+ Nd5+ 46. Kh6 Ke5 47. Kxh7 Ke4 48. Rd1 Bb6 49. f3+ Kxf3 50. Rxd5 Kxg3 51. h5 Kg4 52. h6 Be3 53. Rd7 f5 54. Kg6 Bxh6 55. Kxh6 1-0

[Event "Albert Boxer op"]
[Site "Winnipeg CAN"]
[Date "2004.05.14"]
[Round "1"]
[White "Melamedoff, Gustavo"]
[Black "Proulx, Roy"]
[Result "1-0"]
[WhiteElo "2083"]
[BlackElo "1669"]
[PlyCount "35"]
[GameId "2160767911145865"]
[EventDate "2004.05.14"]
[EventType "swiss"]
[EventRounds "5"]
[EventCountry "CAN"]
[SourceTitle "EXT 2006"]
[Source "ChessBase"]
[SourceDate "2005.11.24"]
[SourceVersion "1"]
[SourceVersionDate "2005.11.24"]
[SourceQuality "1"]

1. e4 e6 2. d4 d5 3. Nc3 Bb4 4. e5 c5 5. a3 Bxc3+ 6. bxc3 Ne7 7. Nf3 Nbc6 8. a4 Bd7 9. Bd3 cxd4 10. cxd4 Nb4 11. O-O Nxd3 12. Qxd3 a6 13. Bg5 Rc8 14. Rfb1 b5 15. Nd2 bxa4 16. Qxa6 Rxc2 17. Bxe7 Qxe7 18. Rb8+ 1-0

[Event "Albert Boxer op"]
[Site "Winnipeg CAN"]
[Date "2004.05.14"]
[Round "1"]
[White "Opinga, Ron"]
[Black "Khedkar, Jay S"]
[Result "0-1"]
[WhiteElo "1498"]
[BlackElo "1921"]
[PlyCount "64"]
[GameId "2160767911145866"]
[EventDate "2004.05.14"]
[EventType "swiss"]
[EventRounds "5"]
[EventCountry "CAN"]
[SourceTitle "EXT 2006"]
[Source "ChessBase"]
[SourceDate "2005.11.24"]
[SourceVersion "1"]
[SourceVersionDate "2005.11.24"]
[SourceQuality "1"]

1. d4 Nf6 2. c4 e6 3. Nc3 Bb4 4. e3 O-O 5. Bd3 c5 6. Nge2 d5 7. O-O cxd4 8. exd4 Nc6 9. Bg5 dxc4 10. Bxc4 Be7 11. Rc1 b6 12. Bxf6 Bxf6 13. d5 Na5 14. Qd3 Nxc4 15. Qxc4 exd5 16. Qb4 Ba6 17. Rfd1 Bxe2 18. Nxe2 Re8 19. Nd4 Re4 20. f3 a5 21. Qc3 Re8 22. Qd2 Rc8 23. Nb5 Rc5 24. a4 Qe7 25. b3 g6 26. Kh1 Rec8 27. Re1 Rxc1 28. Rxc1 Rxc1+ 29. Qxc1 d4 30. g3 d3 31. Kg1 Qe2 32. Qf1 Qc2 0-1

[Event "Albert Boxer op"]
[Site "Winnipeg CAN"]
[Date "2004.05.14"]
[Round "1"]
[White "Pottinger, Carl"]
[Black "Vincent, Trevor"]
[Result "1/2-1/2"]
[WhiteElo "1700"]
[BlackElo "2060"]
[PlyCount "83"]
[GameId "2160767911145867"]
[EventDate "2004.05.14"]
[EventType "swiss"]
[EventRounds "5"]
[EventCountry "CAN"]
[SourceTitle "EXT 2006"]
[Source "ChessBase"]
[SourceDate "2005.11.24"]
[SourceVersion "1"]
[SourceVersionDate "2005.11.24"]
[SourceQuality "1"]

1. e4 c5 2. Nf3 Nc6 3. d4 cxd4 4. Nxd4 g6 5. c4 Nf6 6. Nc3 d6 7. Be2 Nxd4 8. Qxd4 Bg7 9. Be3 O-O 10. Qd2 Be6 11. f3 Qa5 12. Rb1 Rfc8 13. b3 a6 14. Nd5 Qxd2+ 15. Kxd2 Bxd5 16. cxd5 Nd7 17. Rhc1 e6 18. dxe6 fxe6 19. Rxc8+ Rxc8 20. Rc1 Rxc1 21. Kxc1 Kf7 22. Kd2 d5 23. exd5 exd5 24. f4 Nf6 25. Kd3 Ke6 26. Bd4 Ne8 27. Bf3 Bxd4 28. Kxd4 Nf6 29. g4 b6 30. g5 Nh5 31. Bxh5 gxh5 32. f5+ Kxf5 33. Kxd5 Kxg5 34. Kc6 Kg4 35. Kxb6 Kh3 36. Kxa6 Kxh2 37. b4 h4 38. b5 h3 39. b6 Kg1 40. b7 h2 41. b8=Q h1=Q 42. Qb1+ 1/2-1/2

[Event "Albert Boxer op"]
[Site "Winnipeg CAN"]
[Date "2004.05.14"]
[Round "1"]
[White "Rutter, Blair"]
[Black "Kaptsan, Aron"]
[Result "1-0"]
[WhiteElo "1603"]
[BlackElo "1948"]
[PlyCount "49"]
[GameId "2160767911145868"]
[EventDate "2004.05.14"]
[EventType "swiss"]
[EventRounds "5"]
[EventCountry "CAN"]
[SourceTitle "EXT 2006"]
[Source "ChessBase"]
[SourceDate "2005.11.24"]
[SourceVersion "1"]
[SourceVersionDate "2005.11.24"]
[SourceQuality "1"]

1. c4 Nf6 2. g3 g6 3. Bg2 Bg7 4. Nc3 O-O 5. e4 d6 6. Nge2 e5 7. O-O Nbd7 8. d3 a5 9. h3 c6 10. Be3 Qe7 11. Qd2 Nc5 12. Kh2 Rd8 13. Bg5 Ne6 14. Be3 Nc5 15. f4 a4 16. Rf2 exf4 17. Bxf4 Nh5 18. Bg5 Bf6 19. Bxf6 Nxf6 20. Raf1 Ncd7 21. e5 Qxe5 22. d4 Qe6 23. d5 cxd5 24. Nxd5 Nxd5 25. Bxd5 1-0

[Event "Albert Boxer op"]
[Site "Winnipeg CAN"]
[Date "2004.05.14"]
[Round "1"]
[White "Silva, T Romero"]
[Black "Nikouline, Alexandre"]
[Result "0-1"]
[WhiteElo "1661"]
[BlackElo "1987"]
[PlyCount "78"]
[GameId "2160767911145869"]
[EventDate "2004.05.14"]
[EventType "swiss"]
[EventRounds "5"]
[EventCountry "CAN"]
[SourceTitle "EXT 2006"]
[Source "ChessBase"]
[SourceDate "2005.11.24"]
[SourceVersion "1"]
[SourceVersionDate "2005.11.24"]
[SourceQuality "1"]

1. d4 Nf6 2. c4 g6 3. Nc3 d5 4. cxd5 Nxd5 5. e4 Nxc3 6. bxc3 Bg7 7. Nf3 c5 8. Bb5+ Bd7 9. Be2 O-O 10. O-O Qa5 11. Bb2 Ba4 12. Qc1 Rc8 13. d5 c4 14. Rb1 Nd7 15. Ba3 Nf6 16. Nd2 Qc7 17. f3 b5 18. Kh1 Nh5 19. Bd1 Bxd1 20. Rxd1 Nf4 21. Nf1 Ne2 22. Qg5 Qb6 23. Ng3 Nxc3 24. Bxe7 Nxb1 25. Rxb1 Qd4 26. h4 c3 27. h5 h6 28. Qf4 c2 29. Rc1 Be5 30. Qg4 Qd1+ 31. Kh2 Qxc1 32. hxg6 Qf4 33. gxf7+ Kxf7 34. Qe6+ Kg7 35. Bh4 Qxh4+ 36. Kg1 c1=Q+ 37. Kf2 Qd2+ 38. Kg1 Rc1+ 39. Nf1 Bd4# 0-1

[Event "Albert Boxer op"]
[Site "Winnipeg CAN"]
[Date "2004.05.14"]
[Round "1"]
[White "Tang, Edward"]
[Black "Clory, Ron"]
[Result "1-0"]
[WhiteElo "1968"]
[BlackElo "1639"]
[PlyCount "92"]
[GameId "2160767911145870"]
[EventDate "2004.05.14"]
[EventType "swiss"]
[EventRounds "5"]
[EventCountry "CAN"]
[SourceTitle "EXT 2006"]
[Source "ChessBase"]
[SourceDate "2005.11.24"]
[SourceVersion "1"]
[SourceVersionDate "2005.11.24"]
[SourceQuality "1"]

1. e4 d6 2. d4 g6 3. Nc3 Bg7 4. Be3 Nf6 5. f3 c6 6. Qd2 b5 7. O-O-O b4 8. Nce2 a5 9. Ng3 Nbd7 10. Bh6 O-O 11. h4 Nb6 12. h5 Qc7 13. hxg6 fxg6 14. Bxg7 Kxg7 15. Qh6+ Kg8 16. e5 dxe5 17. Bd3 Kf7 18. Ne4 Nbd5 19. Ng5+ Ke8 20. Nxh7 Rg8 21. Bxg6+ Kd8 22. Bf7 Rh8 23. Qg7 Rxh7 24. Rxh7 Nxh7 25. Qg8+ Kd7 26. Be8+ Kd6 27. dxe5+ Kc5 28. Qxh7 Qxe5 29. Bg6 Qe3+ 30. Kb1 Ba6 31. Be4 Qg5 32. Bxd5 cxd5 33. Qh2 e5 34. Qh7 Qd8 35. Qh5 Qf6 36. Qh7 Qd6 37. Qf7 d4 38. Re1 Bc4 39. Qh5 d3 40. cxd3 Qxd3+ 41. Ka1 Rd8 42. Qxe5+ Kb6 43. b3 Bb5 44. Nh3 a4 45. Nf4 Qd2 46. bxa4 Bxa4 1-0